000 00311nam a2200145Ia 4500
100 _aOgata/Katsuchiko
250 _a3
942 _cBK
654 _acontrol
245 _aModern control engineering
260 _bprentice hall
_aNew Delhi
_c1998
082 _a629.8
_bOGA
300 _a997
546 _aENGLISH
999 _c29325
_d29325